Topscorers Eredivisie 2024/25 - Statistieken

Algemene statistieken
  • Deze quiz is 60 keer genomen
  • De gemiddelde score is 17 van 38
Antwoordstatistieken
Hint Antwoord % Correct
3 PSV 14x Luuk de Jong
87%
1 Twente 27x Sem Steijn
85%
PSV 10x Guus Til
74%
Feyenoord 7x Santiago Gimenez
67%
Ajax 10x Wout Weghorst
67%
2 Feyenoord 16x Igor Paixao
65%
Go Ahaed/Ajax 12x Oliver Edvardsen
65%
23 Go Ahead 8x Victor Edvardsen
65%
PSV 11x Ismael Saibari
61%
9 PSV 11x Noa Lang
59%
PSV 11x Ricardo Pepi
59%
Feyenoord 7x Ayase Ueda
57%
PSV 9x Ivan Perisic
57%
17 Ajax 9x Kenneth Taylor
54%
7 PSV 12x Malik Tillman
54%
PSV 9x Johan Bakayoko
52%
AZ 13x Mexx Meerdink
52%
AZ 14x Troy Parrott
52%
12 Sparta 10x Tobias Lauritsen
50%
Ajax 8x Davy Klaassen
41%
5 PEC 13x Dylan Vente
41%
Twente 7x Ricky van Wolfswinkel
39%
Feyenoord 8x Anis Hadj-Moussa
35%
Go Ahead Eagles 10x Jakob Breum
33%
NEC 7x Koki Ogawa
33%
Utrecht 7x Miguel Rodriguez
30%
Twente 7x Sam Lammers
30%
AZ 7x Ibrahim Sadiq
24%
Heracles 8x Jizz Hornkamp
24%
Utrecht 8x Paxten Aaronson
24%
Heracles 9x Luka Kulenovic
22%
RKC 9x Oskar Zawada
22%
NAC 7x Leo Sauer
20%
NAC 8x Elias Mar Omarsson
17%
NEC 10x Vito van Crooij
17%
29 NEC 7x Sami Ouaissa
15%
Heerenveen 9x Ion Nicolaescu
13%
Fortuna 7x Kristoffer Peterson
11%
Geen overeenkomende quizzen gevonden
Scoreverdeling
Procent van Mensen met Elke Score
Percentiel versus Aantal Correcte Antwoorden
Uw Scoregeschiedenis
U heeft deze quiz nog niet genomen